Louise Brooks : (Record no. 213)

MARC details
000 -LEADER
fixed length control field 00797nam a22002778a 4500
001 - CONTROL NUMBER
control field 1633418
003 - CONTROL NUMBER IDENTIFIER
control field csc
005 - DATE AND TIME OF LATEST TRANSACTION
control field 20200421093822.0
008 - FIXED-LENGTH DATA ELEMENTS--GENERAL INFORMATION
fixed length control field 890502s1988 enkac 00010beng b
015 ## - NATIONAL BIBLIOGRAPHY NUMBER
National bibliography number b8820715
016 00 - NATIONAL BIBLIOGRAPHIC AGENCY CONTROL NUMBER
Record control number 700=NOTNAL
020 ## - INTERNATIONAL STANDARD BOOK NUMBER
International Standard Book Number 0862874203
040 ## - CATALOGING SOURCE
Transcribing agency csc
050 00 - LIBRARY OF CONGRESS CALL NUMBER
Classification number PN2287.B694
082 ## - DEWEY DECIMAL CLASSIFICATION NUMBER
Classification number 791.43/028/0924
Edition information 19
245 00 - TITLE STATEMENT
Title Louise Brooks :
Remainder of title portrait of an anti-star /
Statement of responsibility, etc. edited by Roland Jaccard.
260 ## - PUBLICATION, DISTRIBUTION, ETC.
Place of publication, distribution, etc. London :
Name of publisher, distributor, etc. Columbus,
Date of publication, distribution, etc. 1988.
300 ## - PHYSICAL DESCRIPTION
Extent [160] p. :
Other physical details ill. ;
Dimensions 27 cm.
350 ## - PRICE (NR) (BK AM CF MU VM SE) [OBSOLETE]
Price £9.95 : CIP entry (June)
600 10 - SUBJECT ADDED ENTRY--PERSONAL NAME
Personal name Brooks, Louise
Dates associated with a name 1906-1985.
650 #0 - SUBJECT ADDED ENTRY--TOPICAL TERM
Topical term or geographic name entry element Motion picture actors and actresses
Geographic subdivision United States
General subdivision Biography.
9 (RLIN) 997
700 11 - ADDED ENTRY--PERSONAL NAME
Personal name Jaccard, Roland.
9 (RLIN) 452
942 ## - ADDED ENTRY ELEMENTS (KOHA)
Source of classification or shelving scheme Dewey Decimal Classification
Koha item type Books
956 ## - LOCAL ELECTRONIC LOCATION AND ACCESS (OCLC)
Host name NLS
Holdings
Withdrawn status Lost status Damaged status Not for loan Collection Home library Current library Shelving location Date acquired Barcode Date last seen Price effective from Koha item type
        Reference Fairview Fairview General stacks 09/04/2014 39999000009170 09/04/2014 09/04/2014 Books
        Reference Fairview Fairview General stacks 09/04/2014 39999000009194 09/04/2014 09/04/2014 Books
        Reference Fairview Fairview General stacks 09/04/2014 39999000009217 09/04/2014 09/04/2014 Books
        Reference Midway Midway General stacks 09/04/2014 39999000009231 09/04/2014 09/04/2014 Books